000 00641nam a2200157Ia 4500
008 220216s9999 xx 000 0 und d
100 _aQin Li
245 0 _aStudy on the scientific development of natural rubber industry in Yunnan province
260 _bClimate Change, Low Carbon Economy and Sustainable Natural Rubber Industry: Preprints of Proceedings of IRRDB International Rubber Conference 2010, 18-19 October 2010 Sanya, Hainan, China, pp. 670-678.
650 _aRegression analysis
650 _aRegression forecasting
650 _aScientific development study
700 _aDeyun Ma
700 _aWeiqiang Chen
942 _cJS
999 _c69874
_d69874